MARC

LEADER 00000nam0a2200000 4500
001 120254
005 20231101215609.0
035 |a (RuTPU)RU\TPU\book\130202 
090 |a 120254 
100 |a 20070823d1952 k y0rusy50 ca 
101 0 |a rus 
102 |a RU 
105 |a a z 001zy 
200 1 |a Избранные труды  |f И. И. Жуков  |g АН СССР 
210 |a Москва  |c Изд-во АН СССР  |d 1952 
215 |a 484 с.  |c ил. 
320 |a Библиогр. в конце ст. 
600 1 |a Жуков  |b И. И.  |c российский физикохимик  |f 1880-1949  |g Иван Иванович  |2 stltpush  |3 (RuTPU)RU\TPU\pers\21276  |9 8906 
606 1 |a Физическая химия  |2 stltpush  |3 (RuTPU)RU\TPU\subj\67669  |9 83390 
610 1 |a газы 
610 1 |a металлы 
610 1 |a взаимодействие 
610 1 |a растворы 
610 1 |a электрохимия 
610 1 |a водородные ионы 
610 1 |a коллоидные системы 
610 1 |a электрокинетические явления 
610 1 |a высокомолекулярные соединения 
675 |a 544  |v 3 
700 1 |a Жуков  |b И. И.  |g Иван Иванович 
712 0 2 |a Академия наук СССР (АН СССР)  |2 stltpush  |3 (RuTPU)RU\TPU\col\722 
801 1 |a RU  |b 63413507  |c 20070823  |g PSBO 
801 2 |a RU  |b 63413507  |c 20210608  |g PSBO 
942 |c BK